[Event "CZE-chT2C 1516"]
[Site "Czech Republic"]
[Date "2016.02.07"]
[Round "7.7"]
[White "Vajcner, Jiri"]
[Black "Hrubant, Ivan"]
[Result "1/2-1/2"]
[WhiteElo "1865"]
[BlackElo "2004"]
[PlyCount "47"]
[EventDate "2015.10.18"]
[EventType "team-tourn"]
[EventRounds "11"]
[EventCountry "CZE"]
[SourceTitle "EXT 2022"]
[Source "ChessBase"]
[SourceDate "2021.10.06"]
[SourceVersion "1"]
[SourceVersionDate "2021.10.06"]
[SourceQuality "1"]
[WhiteTeam "Lysa nad Labem IV"]
[BlackTeam "Ricany"]
[WhiteTeamCountry "CZE"]
[BlackTeamCountry "CZE"]

1. e4 e6 2. d4 d5 3. exd5 exd5 4. Bd3 Nc6 5. Ne2 Bd6 6. c3 Qh4 7. Be3 Nf6 8. Nd2 Ng4 9. Nf3 Nxe3 10. Nxh4 Nxd1 11. Rxd1 g6 12. 0-0 0-0 13. Rfe1 Bd7 14. Nf3 Rfe8 15. Ng3 Rxe1+ 16. Rxe1 Re8 17. Rxe8+ Bxe8 18. Nf1 f6 19. Ne3 Ne7 20. Kf1 c6 21. Ke2 Kg7 22. h3 Bd7 23. Nd2 h5 24. b4 1/2-1/2

[Event "CZE-chT2C 1516"]
[Site "Czech Republic"]
[Date "2016.01.10"]
[Round "5.6"]
[White "Rehak, Martin"]
[Black "Hrubant, Ivan"]
[Result "1-0"]
[WhiteElo "2088"]
[BlackElo "2004"]
[PlyCount "97"]
[EventDate "2015.10.18"]
[EventType "team-tourn"]
[EventRounds "11"]
[EventCountry "CZE"]
[SourceTitle "EXT 2022"]
[Source "ChessBase"]
[SourceDate "2021.10.06"]
[SourceVersion "1"]
[SourceVersionDate "2021.10.06"]
[SourceQuality "1"]
[WhiteTeam "Praha Vrsovice"]
[BlackTeam "Ricany"]
[WhiteTeamCountry "CZE"]
[BlackTeamCountry "CZE"]

1. c4 e5 2. Nc3 Nc6 3. g3 f5 4. Bg2 Nf6 5. e3 d6 6. Nge2 Be7 7. Rb1 a5 8. a3 0-0 9. d4 Qe8 10. f4 e4 11. d5 Nb8 12. b4 Na6 13. Nd4 Ng4 14. h3 Nh6 15. Nc2 Bd7 16. Bb2 Bf6 17. Ba1 axb4 18. axb4 Nf7 19. Bf1 Qe7 20. Be2 Rfe8 21. Kf2 Nh6 22. Nd4 g5 23. Kg2 gxf4 24. gxf4 Kh8 25. Kh2 Rg8 26. Nc2 Rg7 27. Qd2 Rag8 28. Rbg1 Be8 29. Qe1 Bh4 30. Qd1 Bg3+ 31. Rxg3 Rxg3 32. Nxe4+ R3g7 33. Ng5 Nf7 34. Rg1 Ne5 35. fxe5 dxe5 36. Ne6 Rxg1 37. Bxe5+ R1g7 38. Qd4 Ba4 39. Bd3 Bxc2 40. Bxc2 c5 41. Bxg7+ Rxg7 42. bxc5 Nxc5 43. Qxg7+ Qxg7 44. Nxg7 Kxg7 45. Bxf5 h6 46. Kg3 Kf6 47. Kf4 b6 48. d6 Na4 49. e4 1-0

[Event "CZE-chT2C 1516"]
[Site "Czech Republic"]
[Date "2015.11.22"]
[Round "3.8"]
[White "Mares, Daniel"]
[Black "Hrubant, Ivan"]
[Result "1/2-1/2"]
[WhiteElo "1950"]
[BlackElo "2004"]
[PlyCount "89"]
[EventDate "2015.10.18"]
[EventType "team-tourn"]
[EventRounds "11"]
[EventCountry "CZE"]
[SourceTitle "EXT 2022"]
[Source "ChessBase"]
[SourceDate "2021.10.06"]
[SourceVersion "1"]
[SourceVersionDate "2021.10.06"]
[SourceQuality "1"]
[WhiteTeam "Pisek"]
[BlackTeam "Ricany"]
[WhiteTeamCountry "CZE"]
[BlackTeamCountry "CZE"]

1. e4 e6 2. Qe2 e5 3. Nf3 Nc6 4. c3 Nf6 5. d3 d6 6. g3 g6 7. Bg2 Bg7 8. Bg5 h6 9. Bd2 0-0 10. Na3 d5 11. h3 dxe4 12. dxe4 a5 13. Rd1 Qe7 14. 0-0 b6 15. Rfe1 Ba6 16. c4 Rad8 17. Bc3 Nd7 18. Nb5 Nc5 19. b3 Nb8 20. Bb2 c6 21. Nc3 Rxd1 22. Rxd1 Rd8 23. Qc2 Rxd1+ 24. Qxd1 Qd7 25. Ne1 Qxd1 26. Nxd1 Ne6 27. Nd3 Nd7 28. Ne3 Nec5 29. Nc1 Ne6 30. Kf1 Ndc5 31. h4 Nd4 32. Ke1 Bc8 33. Kd2 Nce6 34. Ne2 Nxe2 35. Kxe2 Bb7 36. Nd1 c5 37. Nc3 Nd4+ 38. Kd3 Bf8 39. Nd5 Bxd5 40. exd5 Bd6 41. Bc1 Kg7 42. Be3 f5 43. Kd2 Be7 44. f4 e4 45. Kd1 1/2-1/2

[Event "CZE-chT2C 1516"]
[Site "Czech Republic"]
[Date "2015.11.08"]
[Round "2.5"]
[White "Kolar, Pavel"]
[Black "Hrubant, Ivan"]
[Result "1-0"]
[WhiteElo "2221"]
[BlackElo "2004"]
[PlyCount "87"]
[EventDate "2015.10.18"]
[EventType "team-tourn"]
[EventRounds "11"]
[EventCountry "CZE"]
[SourceTitle "EXT 2022"]
[Source "ChessBase"]
[SourceDate "2021.10.06"]
[SourceVersion "1"]
[SourceVersionDate "2021.10.06"]
[SourceQuality "1"]
[WhiteTeam "Lysa nad Labem III"]
[BlackTeam "Ricany"]
[WhiteTeamCountry "CZE"]
[BlackTeamCountry "CZE"]

1. e4 e6 2. d4 d5 3. e5 c5 4. Nf3 Nc6 5. Nc3 cxd4 6. Nb5 f6 7. Nbxd4 Bc5 8. Bb5 Bd7 9. 0-0 Nxd4 10. Nxd4 Bxd4 11. Bxd7+ Qxd7 12. Qxd4 f5 13. b3 Ne7 14. Ba3 0-0 15. Bxe7 Qxe7 16. Rfd1 b6 17. f4 Rac8 18. Rac1 Rfd8 19. a4 Qc7 20. Kf2 Qc3 21. Rd3 Qxd4+ 22. Rxd4 Rc3 23. Ke2 Rdc8 24. Kd2 Kf8 25. Rd3 Rxd3+ 26. Kxd3 Ke7 27. c4 Kd7 28. Kc3 dxc4 29. Rd1+ Ke7 30. bxc4 Rc5 31. Rd6 g5 32. g3 g4 33. Kb4 h5 34. Rd2 Rc8 35. Ra2 Rc5 36. a5 Rxa5 37. Rxa5 bxa5+ 38. Kxa5 Kd7 39. Ka6 Kc6 40. Kxa7 Kc5 41. Kb7 Kxc4 42. Kc6 Kd4 43. Kd6 h4 44. Kxe6 1-0

[Event "CZE-chT2C 1415"]
[Site "Czech Republic"]
[Date "2015.01.11"]
[Round "5.5"]
[White "Hrubant, Ivan"]
[Black "Stolba, Milos"]
[Result "1/2-1/2"]
[WhiteElo "2052"]
[BlackElo "2170"]
[PlyCount "51"]
[EventDate "2014.11.02"]
[EventType "team-tourn"]
[EventRounds "11"]
[EventCountry "CZE"]
[SourceTitle "EXT 2022"]
[Source "ChessBase"]
[SourceDate "2021.10.06"]
[SourceVersion "1"]
[SourceVersionDate "2021.10.06"]
[SourceQuality "1"]
[WhiteTeam "Ricany"]
[BlackTeam "Kutna Hora"]
[WhiteTeamCountry "CZE"]
[BlackTeamCountry "CZE"]

1. d4 d5 2. Nf3 Nf6 3. Bf4 c5 4. e3 Nc6 5. c3 Qb6 6. Qb3 c4 7. Qxb6 axb6 8. Na3 Ra5 9. Bc7 e6 10. Nc2 Ra6 11. Be2 b5 12. a3 Be7 13. Nd2 0-0 14. 0-0 g5 15. f3 Ne8 16. Bg3 f5 17. f4 h6 18. Nf3 Kg7 19. Ne5 Nd6 20. Nb4 Nxb4 21. axb4 Ne4 22. Rxa6 bxa6 23. Rd1 Bd6 24. Bf3 Bxe5 25. dxe5 Nxg3 26. hxg3 1/2-1/2

[Event "Trebic Highlands op 10th"]
[Site "Trebic"]
[Date "2014.05.17"]
[Round "1"]
[White "Hrubant, Ivan"]
[Black "Kosina, Vladimir"]
[Result "1-0"]
[WhiteElo "2068"]
[BlackElo "1802"]
[PlyCount "119"]
[EventDate "2014.05.17"]
[EventType "swiss"]
[EventRounds "9"]
[EventCountry "CZE"]
[SourceTitle "CBM 160 Extra"]
[Source "ChessBase"]
[SourceDate "2014.07.01"]
[SourceVersion "1"]
[SourceVersionDate "2014.07.01"]
[SourceQuality "1"]

1. d4 Nf6 2. c4 e6 3. Nf3 Bb4+ 4. Bd2 a5 5. g3 b6 6. Bg2 Bb7 7. 0-0 0-0 8. Bg5 Be7 9. Nc3 Ne4 10. Nxe4 Bxe4 11. Bf4 g5 12. Be3 f5 13. Qc1 g4 14. Ne1 Bxg2 15. Nxg2 Nc6 16. Rd1 Qe8 17. d5 Nd8 18. Bd4 Bf6 19. Bxf6 Rxf6 20. Qg5+ Qg6 21. Qxg6+ hxg6 22. dxe6 d6 23. e7 Ne6 24. Ne3 Re8 25. Nd5 Rf7 26. Rd3 f4 27. gxf4 Nxf4 28. Nxf4 Rxf4 29. Rc1 Rxe7 30. e3 Rfe4 31. b3 Kg7 32. Rd5 Kf6 33. Rcd1 R7e5 34. Kg2 a4 35. R1d4 axb3 36. axb3 Rxd4 37. Rxd4 Ra5 38. b4 Ra4 39. b5 Rb4 40. Rxg4 d5 41. Rf4+ Ke5 42. cxd5 Rxb5 43. Rg4 Rxd5 44. Rxg6 Rc5 45. Rg5+ Kd6 46. Rxc5 Kxc5 47. h4 b5 48. Kf1 Kc4 49. Ke2 Kc3 50. h5 b4 51. h6 c5 52. h7 c4 53. h8Q+ Kc2 54. Qd4 Kb3 55. Qd1+ Kc3 56. f4 Kb2 57. Qd2+ Ka3 58. Qc1+ Kb3 59. f5 c3 60. Kd3 1-0

[Event "CZE-chT2C 1314"]
[Site "Czech Republic"]
[Date "2013.12.01"]
[Round "3.6"]
[White "Skorepa, Tomas"]
[Black "Hrubant, Ivan"]
[Result "0-1"]
[WhiteElo "1766"]
[BlackElo "2076"]
[PlyCount "66"]
[EventDate "2013.11.03"]
[EventType "team-tourn"]
[EventRounds "11"]
[EventCountry "CZE"]
[SourceTitle "EXT 2015"]
[Source "ChessBase"]
[SourceDate "2014.11.20"]
[SourceVersion "1"]
[SourceVersionDate "2014.11.20"]
[SourceQuality "1"]
[WhiteTeam "Jihlava Gambit"]
[BlackTeam "Ricany"]
[WhiteTeamCountry "CZE"]
[BlackTeamCountry "CZE"]

1. e4 e6 2. d4 d5 3. Nd2 Nf6 4. e5 Nfd7 5. Bd3 c5 6. c3 Nc6 7. Ne2 cxd4 8. cxd4 f6 9. Nf4 Nxd4 10. Qh5+ Ke7 11. Ng6+ hxg6 12. exf6+ Nxf6 13. Qxh8 Kf7 14. Qh4 e5 15. Nf3 Nxf3+ 16. gxf3 Bf5 17. Bxf5 gxf5 18. 0-0 Bc5 19. Be3 d4 20. Bg5 Qh8 21. Qxh8 Rxh8 22. Rac1 Bb6 23. Bxf6 Kxf6 24. Rfe1 Re8 25. Kg2 e4 26. fxe4 fxe4 27. f3 e3 28. Rcd1 Rc8 29. Re2 Ke5 30. Kg3 Rc6 31. Kg2 Kf4 32. a3 Rg6+ 33. Kf1 Kxf3 0-1

[Event "Czechia KP-chTB 0607"]
[Site "Czech Republic"]
[Date "2007.04.01"]
[Round "11.4"]
[White "Hrubant, Ivan"]
[Black "Macek, Kamil"]
[Result "1/2-1/2"]
[WhiteElo "2120"]
[BlackElo "1948"]
[PlyCount "81"]
[EventDate "2006.10.29"]
[EventType "team"]
[EventRounds "11"]
[EventCountry "CZE"]
[SourceTitle "EXT 2008"]
[Source "ChessBase"]
[SourceDate "2007.11.25"]
[SourceVersion "1"]
[SourceVersionDate "2007.11.25"]
[SourceQuality "1"]
[WhiteTeam "Ricany II"]
[BlackTeam "Podebrady"]
[WhiteTeamCountry "CZE"]
[BlackTeamCountry "CZE"]

1. d4 Nf6 2. c4 e6 3. Nf3 b6 4. a3 Bb7 5. Nc3 d5 6. cxd5 exd5 7. g3 Be7 8. Bg2 0-0 9. 0-0 Nbd7 10. Bf4 c5 11. Ne5 Rc8 12. Qa4 cxd4 13. Qxd4 Nc5 14. Rad1 Nce4 15. Nxe4 Nxe4 16. Qa4 Nc5 17. Qd4 Ne6 18. Qd2 Nxf4 19. gxf4 Qc7 20. Rc1 Qd6 21. Rxc8 Rxc8 22. Rd1 Rd8 23. e3 h6 24. Qd3 Qe6 25. Rd2 Bf6 26. Nf3 Rc8 27. Nd4 Rc1+ 28. Rd1 Rxd1+ 29. Qxd1 Qd7 30. Qd2 a6 31. Bf3 Qa4 32. Ne2 Qd7 33. Nc3 Bxc3 34. bxc3 b5 35. Qd4 Qd6 36. a4 Qg6+ 37. Kf1 bxa4 38. Qxa4 Qb1+ 39. Qd1 Qxd1+ 40. Bxd1 Kf8 41. Ke2 1/2-1/2

[Event "Czechia KP-chTB 0607"]
[Site "Czech Republic"]
[Date "2007.03.18"]
[Round "10.3"]
[White "Hrubant, Ivan"]
[Black "Eisner, Michal"]
[Result "1/2-1/2"]
[WhiteElo "2120"]
[BlackElo "2164"]
[PlyCount "96"]
[EventDate "2006.10.29"]
[EventType "team"]
[EventRounds "11"]
[EventCountry "CZE"]
[SourceTitle "EXT 2008"]
[Source "ChessBase"]
[SourceDate "2007.11.25"]
[SourceVersion "1"]
[SourceVersionDate "2007.11.25"]
[SourceQuality "1"]
[WhiteTeam "Ricany II"]
[BlackTeam "Kostelec nad CL"]
[WhiteTeamCountry "CZE"]
[BlackTeamCountry "CZE"]

1. d4 Nf6 2. Nf3 e6 3. c4 Bb4+ 4. Bd2 Qe7 5. g3 0-0 6. Bg2 d5 7. Nc3 b6 8. 0-0 Bxc3 9. Bxc3 Bb7 10. Ne5 Nbd7 11. Qa4 Nxe5 12. dxe5 Ne4 13. Rac1 Nxc3 14. Rxc3 c5 15. e3 Qc7 16. f4 dxc4 17. Bxb7 Qxb7 18. Qxc4 Rad8 19. Rd3 b5 20. Qc3 b4 21. Qc4 Rxd3 22. Qxd3 Qb6 23. Rd1 c4 24. Qd4 Qxd4 25. exd4 Rc8 26. Kf2 Kf8 27. Ke2 Ke7 28. d5 exd5 29. Rxd5 c3 30. bxc3 Rxc3 31. Ra5 Rc2+ 32. Kf3 Rxh2 33. f5 Rd2 34. Rxa7+ Rd7 35. Ra6 Rd3+ 36. Kf4 Ra3 37. Rb6 Rxa2 38. Rb7+ Ke8 39. Rxb4 Ra6 40. g4 h6 41. Rb8+ Kd7 42. Rb7+ Kc8 43. Rb4 Kc7 44. Ke4 Ra7 45. Rc4+ Kd7 46. Kf4 Rb7 47. Ke4 Ra7 48. Rb4 Rc7 1/2-1/2

[Event "Czechia KP-chTB 0607"]
[Site "Czech Republic"]
[Date "2007.03.04"]
[Round "9.3"]
[White "Blazek, Ladislav"]
[Black "Hrubant, Ivan"]
[Result "1/2-1/2"]
[WhiteElo "1719"]
[BlackElo "2120"]
[PlyCount "32"]
[EventDate "2006.10.29"]
[EventType "team"]
[EventRounds "11"]
[EventCountry "CZE"]
[SourceTitle "EXT 2008"]
[Source "ChessBase"]
[SourceDate "2007.11.25"]
[SourceVersion "1"]
[SourceVersionDate "2007.11.25"]
[SourceQuality "1"]
[WhiteTeam "Benesov"]
[BlackTeam "Ricany II"]
[WhiteTeamCountry "CZE"]
[BlackTeamCountry "CZE"]

1. e4 e6 2. d4 d5 3. exd5 exd5 4. Bd3 c5 5. c3 Nf6 6. Nf3 Nc6 7. h3 Be7 8. Be3 cxd4 9. Nxd4 0-0 10. 0-0 Nxd4 11. Bxd4 Bd7 12. Nd2 Bc6 13. Nf3 Ne4 14. Ne5 Bd6 15. Nxc6 bxc6 16. Qg4 Qg5 1/2-1/2

[Event "CZE-chT2c 0607"]
[Site "Czech Republic"]
[Date "2007.02.25"]
[Round "8.7"]
[White "Husarik, Branko"]
[Black "Hrubant, Ivan"]
[Result "1-0"]
[WhiteElo "2109"]
[BlackElo "2120"]
[PlyCount "115"]
[EventDate "2006.10.15"]
[EventType "team"]
[EventRounds "11"]
[EventCountry "CZE"]
[SourceTitle "EXT 2008"]
[Source "ChessBase"]
[SourceDate "2007.11.25"]
[SourceVersion "1"]
[SourceVersionDate "2007.11.25"]
[SourceQuality "1"]
[WhiteTeam "Lysa nad Labem"]
[BlackTeam "Ricany"]
[WhiteTeamCountry "CZE"]
[BlackTeamCountry "CZE"]

1. e4 e6 2. Nf3 d5 3. e5 c5 4. b4 cxb4 5. d4 Nc6 6. a3 b3 7. cxb3 Qb6 8. Nc3 Bd7 9. b4 Nh6 10. Na4 Qd8 11. Bd3 Nf5 12. Bg5 Be7 13. Bxe7 Qxe7 14. Bxf5 exf5 15. Nc5 Be6 16. Qa4 0-0 17. 0-0 f4 18. Rac1 Bg4 19. b5 Bxf3 20. gxf3 Qg5+ 21. Kh1 Qh5 22. Rc3 Ne7 23. Nxb7 Nf5 24. Nd6 Nxd6 25. exd6 Rad8 26. Qb4 Rfe8 27. Qc5 Qh3 28. Rg1 Re2 29. Qc7 Rf8 30. d7 Rxf2 31. Qxf4 Rf1 32. Qg4 Rxg1+ 33. Kxg1 Qh6 34. a4 f5 35. Qg2 Rd8 36. Qe2 Kf7 37. Rc8 Qg5+ 38. Kh1 Qe7 39. Qxe7+ Kxe7 40. Rxd8 Kxd8 41. h4 g6 42. Kg2 h6 43. f4 h5 44. a5 Kxd7 45. Kf3 Kc7 46. Ke3 Kb7 47. Kd3 a6 48. b6 Kc6 49. Kc3 Kd6 50. Kb3 Kd7 51. Kb4 Kc6 52. b7 Kxb7 53. Kc5 g5 54. hxg5 h4 55. g6 h3 56. g7 h2 57. g8Q h1Q 58. Qxd5+ 1-0

[Event "CZE-chT2V 0203"]
[Site "Czech Republic"]
[Date "2003.??.??"]
[Round "3"]
[White "Korinek, Ondrej"]
[Black "Hrubant, Ivan"]
[Result "1-0"]
[WhiteElo "2081"]
[BlackElo "2173"]
[PlyCount "91"]
[EventDate "2002.10.??"]
[EventType "team"]
[EventRounds "11"]
[EventCountry "CZE"]
[SourceTitle "EXT 2007"]
[Source "ChessBase"]
[SourceDate "2006.11.23"]
[SourceVersion "1"]
[SourceVersionDate "2006.11.23"]
[SourceQuality "1"]
[WhiteTeam "Horice"]
[BlackTeam "Ricany"]
[WhiteTeamCountry "CZE"]
[BlackTeamCountry "CZE"]

1. e4 e6 2. d4 d5 3. Nc3 Nf6 4. Bg5 Be7 5. e5 Nfd7 6. Bxe7 Qxe7 7. f4 0-0 8. Qd2 c5 9. Nf3 Nc6 10. g3 cxd4 11. Nxd4 f6 12. exf6 Qxf6 13. 0-0-0 Nb6 14. Bb5 Bd7 15. Rhe1 Rac8 16. Kb1 a6 17. Bf1 Nc4 18. Bxc4 Nxd4 19. Bxd5 Nxc2 20. Kxc2 exd5 21. Qxd5+ Rf7 22. Kb1 Bf5+ 23. Ka1 h6 24. Qd6 Rc6 25. Qxf6 Rcxf6 26. Nd5 Rd6 27. Ne3 Rxd1+ 28. Rxd1 Be4 29. b3 g5 30. fxg5 hxg5 31. Nc4 b5 32. Nd6 Rd7 33. Rd2 Bg6 34. Kb2 Kf8 35. Ne4 Rxd2+ 36. Nxd2 Ke7 37. Kc3 Kd6 38. Kd4 g4 39. b4 Bf5 40. Ne4+ Kc6 41. Ke5 Bc8 42. Nf6 a5 43. Nd5 axb4 44. Ne7+ Kb7 45. Nxc8 Kxc8 46. Kf4 1-0

[Event "CZE-chT2 0102"]
[Site "Czech Republic"]
[Date "2002.03.19"]
[Round "11.2"]
[White "Vaculik, Martin"]
[Black "Hrubant, Ivan"]
[Result "1/2-1/2"]
[WhiteElo "2144"]
[BlackElo "2107"]
[PlyCount "24"]
[EventDate "2001.10.??"]
[EventType "team"]
[EventRounds "11"]
[EventCountry "CZE"]
[SourceTitle "EXT 2006"]
[Source "ChessBase"]
[SourceDate "2005.11.24"]
[SourceVersion "1"]
[SourceVersionDate "2005.11.24"]
[SourceQuality "1"]

1. e4 e6 2. d3 d5 3. Qe2 Nf6 4. g3 c5 5. Bg2 Nc6 6. Nf3 Be7 7. 0-0 0-0 8. a4 b6 9. e5 Nd7 10. c3 Ba6 11. Nbd2 Qc7 12. Re1 Rfe8 1/2-1/2

[Event "CZE-chT2V 0203"]
[Site "Czech Republic"]
[Date "2002.??.??"]
[Round "3"]
[White "Hrubant, Ivan"]
[Black "Stursa, Jan"]
[Result "1/2-1/2"]
[WhiteElo "2173"]
[BlackElo "2220"]
[PlyCount "33"]
[EventDate "2002.10.??"]
[EventType "team"]
[EventRounds "11"]
[EventCountry "CZE"]
[SourceTitle "EXT 2007"]
[Source "ChessBase"]
[SourceDate "2006.11.23"]
[SourceVersion "1"]
[SourceVersionDate "2006.11.23"]
[SourceQuality "1"]
[WhiteTeam "Ricany"]
[BlackTeam "Vrchlabi"]
[WhiteTeamCountry "CZE"]
[BlackTeamCountry "CZE"]

1. d4 Nf6 2. c4 g6 3. Nc3 d5 4. cxd5 Nxd5 5. e4 Nxc3 6. bxc3 Bg7 7. Be3 0-0 8. Nf3 c5 9. Rc1 Nc6 10. d5 Ne5 11. Nxe5 Bxe5 12. f4 Bg7 13. c4 Qa5+ 14. Qd2 Qxd2+ 15. Kxd2 b6 16. Bd3 Bd7 17. Rhe1 1/2-1/2

[Event "CZE-chT2V 0203"]
[Site "Czech Republic"]
[Date "2002.??.??"]
[Round "2"]
[White "Volak, Michal"]
[Black "Hrubant, Ivan"]
[Result "1-0"]
[WhiteElo "2151"]
[BlackElo "2173"]
[PlyCount "105"]
[EventDate "2002.10.??"]
[EventType "team"]
[EventRounds "11"]
[EventCountry "CZE"]
[SourceTitle "EXT 2007"]
[Source "ChessBase"]
[SourceDate "2006.11.23"]
[SourceVersion "1"]
[SourceVersionDate "2006.11.23"]
[SourceQuality "1"]
[WhiteTeam "Vlasim"]
[BlackTeam "Ricany"]
[WhiteTeamCountry "CZE"]
[BlackTeamCountry "CZE"]

1. d4 d5 2. c4 c6 3. Nf3 Nf6 4. Nc3 e6 5. e3 Nbd7 6. Bd3 dxc4 7. Bxc4 b5 8. Bd3 a6 9. e4 c5 10. e5 cxd4 11. Nxb5 axb5 12. exf6 Qb6 13. 0-0 gxf6 14. Qe2 Bb7 15. Bxb5 Rd8 16. a4 Rg8 17. Bf4 Bb4 18. Rac1 e5 19. Bg3 Kf8 20. Qc4 Bd6 21. b4 Rc8 22. Qb3 Rxc1 23. Rxc1 Nb8 24. Nd2 Na6 25. Nc4 Qc7 26. Rb1 Bxb4 27. Bxa6 Bxa6 28. Qxb4+ Kg7 29. Nb6 Rd8 30. Qd2 Rd6 31. a5 Qc3 32. Rd1 Qxd2 33. Rxd2 Rc6 34. h3 Rc1+ 35. Kh2 d3 36. f3 Rc2 37. Be1 Rc1 38. Bf2 Rf1 39. Nd5 Ra1 40. Nb4 Rxa5 41. Nxa6 Rxa6 42. Rxd3 Ra2 43. Be1 f5 44. Rd5 f6 45. Rd6 f4 46. Bh4 e4 47. fxe4 f3 48. Rxf6 Rxg2+ 49. Kh1 Re2 50. Rf4 Kg6 51. Kg1 Rg2+ 52. Kf1 Re2 53. Bf6 1-0